| 000 | 00717pam a2200241 a 4500 | ||
|---|---|---|---|
| 001 | 2878607 | ||
| 005 | 20180319085237.0 | ||
| 008 | 860605s1986 cau b 000 0 eng | ||
| 010 | _a 86015417 | ||
| 020 | _a0830711619(pbk.) | ||
| 040 |
_aDLC _cDLC _dDLC |
||
| 100 | 1 | _aToms, Paul E. | |
| 245 | 1 | 0 |
_aWinning the battles of life : _ba life-related study of Joshua / _cPaul E. Toms. |
| 260 |
_aVentura, Calif., U.S.A. : _bRegal Books, _cc1986. |
||
| 300 |
_a153 p. ; _c21 cm. |
||
| 336 | _atext | ||
| 337 | _aunmediated | ||
| 338 | _avolume | ||
| 440 | 2 | _aA Regal Bible commentary for laymen | |
| 504 | _aIncludes bibliographical references. | ||
| 630 | 0 | 0 |
_aBible. _pJoshua _xCommentaries. |
| 942 |
_2lcc _cBK |
||
| 999 |
_c41100 _d41100 |
||